Wszystkie loty powyżej 250m w skokach narciarskich - Statystyki

Ogólne statystyki
  • Ten quiz został rozwiązany 100 razy
  • Średni wynik to 7 z 11
Statystyki odpowiedzi
odległość skocznia dzień oddanego skoku skoczek % Poprawnych
251,5 m Letalnica 25 marca 2017 Kamil Stoch
89%
253,5 m Vikersundbakken 18 marca 2017 Stefan Kraft
83%
252 m Vikersundbakken 18 marca 2017 Robert Johansson
69%
250 m Vikersundbakken 14 lutego 2015 Peter Prevc
68%
252 m Letalnica 24 marca 2019 Ryōyū Kobayashi
68%
251,5 m Vikersundbakken 15 lutego 2015 Anders Fannemel
63%
251 m Letalnica 25 marca 2017 Stefan Kraft
57%
253,5 m Letalnica 22 marca 2018 Gregor Schlierenzauer
56%
250 m Letalnica 25 marca 2017 Robert Johansson
48%
252 m Letalnica 16 marca 2016 Tilen Bartol
44%
254 m Vikersundbakken 15 lutego 2015 Dimitrij Wasiljew
27%
Nie znaleziono quizów pasujących do podanych kryteriów
Rozkład punktacji
Procent ludzi z każdym wynikiem
Percentyl według liczby udzielonych odpowiedzi
Twoja historia wyników
Nie rozwiązałeś tego quizu